000 00709nam a2200289Ia 4500
005 20260324150933.0
008 008 260324s9999 xx 000 0 eng d
020 _a9781315645025
037 _aEBOOK
040 _aCRL
040 _beng
040 _cCRL
041 _2eng
041 _aeng
084 _qCRL
100 _aHon. P. Arunáchalam; Edward Carpenter
_91228154
245 0 _aLight from the East
245 0 _bBeing Letters on Gñanam, The Divine Knowledge
260 _bTaylor and Francis
260 _c1927
365 _a
365 _b180
856 _uhttp://www.taylorfrancis.com/books/9781315645025
942 _cEBOOK
999 _c1838446
_d1838446